Мультимедийные средства как способ интенсификации образовательного процесса в вузе; Молодой ученый; № 4 (84)

Bibliographische Detailangaben
Parent link:Молодой ученый: ежемесячный научный журнал.— , 2008-
№ 4 (84).— 2015.— [С. 625-629]
1. Verfasser: Тумакова Н. А. Наталия Александровна
Körperschaft: Национальный исследовательский Томский политехнический университет (ТПУ) Институт неразрушающего контроля (ИНК) Кафедра иностранных языков Института неразрушающего контроля (ИЯНК)
Weitere Verfasser: Захарченко Е. А. Екатерина Анатольевна
Zusammenfassung:Заглавие с экрана
Режим доступа: по договору с организацией-держателем ресурса
Sprache:Russisch
Veröffentlicht: 2015
Schriftenreihe:Педагогика
Schlagworte:
Online-Zugang:http://www.moluch.ru/archive/84/15794/
http://elibrary.ru/item.asp?id=22981137
Format: MixedMaterials Elektronisch Buchkapitel
KOHA link:https://koha.lib.tpu.ru/cgi-bin/koha/opac-detail.pl?biblionumber=642460

MARC

LEADER 00000nla0a2200000 4500
001 642460
005 20250204154324.0
035 |a (RuTPU)RU\TPU\network\7417 
035 |a RU\TPU\network\7412 
090 |a 642460 
100 |a 20150625d2015 k||y0rusy50 ca 
101 0 |a rus 
102 |a RU 
135 |a drcn ---uucaa 
181 0 |a i  
182 0 |a b 
200 1 |a Мультимедийные средства как способ интенсификации образовательного процесса в вузе  |f Н. А. Тумакова, Е. А. Захарченко 
203 |a Текст  |c электронный 
225 1 |a Педагогика 
300 |a Заглавие с экрана 
320 |a [Библиогр.: с. 629 (3 назв.)] 
333 |a Режим доступа: по договору с организацией-держателем ресурса 
461 |t Молодой ученый  |o ежемесячный научный журнал  |d 2008- 
463 |t № 4 (84)  |v [С. 625-629]  |d 2015 
610 1 |a электронный ресурс 
610 1 |a труды учёных ТПУ 
610 1 |a мультимедийные средства 
610 1 |a образовательный процесс 
610 1 |a интерактивность 
610 1 |a 3D-графика 
700 1 |a Тумакова  |b Н. А.  |c лингвист  |c специалист по учебно-методической работе Томского политехнического университета  |f 1977-  |g Наталия Александровна  |3 (RuTPU)RU\TPU\pers\32594 
701 1 |a Захарченко  |b Е. А.  |g Екатерина Анатольевна 
712 0 2 |a Национальный исследовательский Томский политехнический университет (ТПУ)  |b Институт неразрушающего контроля (ИНК)  |b Кафедра иностранных языков Института неразрушающего контроля (ИЯНК)  |3 (RuTPU)RU\TPU\col\18721 
801 2 |a RU  |b 63413507  |c 20150625  |g RCR 
856 4 0 |u http://www.moluch.ru/archive/84/15794/ 
856 4 0 |u http://elibrary.ru/item.asp?id=22981137 
942 |c CF